000 01037nam a2200205 4500
999 _c57002
_d57002
003 Ge_BSU
005 20191001115203.0
008 191001s2019 ge ||||| |||| 00| 0 geo d
020 _a9789941298622
041 _ageo
080 _a82-93+82.14'01-391 ე-40
245 _aეზოპეს იგავები :
_bნაწ. 2 /
_cპროექტის ავტ. და რედ. თ. მამაცაშვილი; რედ.: ს. ნიკოლეიშვილი, მ. ნადირაძე და სხვ.
264 _aთბილისი :
_bპალიტრა L ,
_c2019.
300 _a127 გვ. :
_bილ. ;
_c20 სმ.
490 _aმეგზური სიკეთის სამყაროში ;
_v18.
700 _aმამაცაშვილი, თ.
_eრედაქტორი
_94410
700 _aს. ნიკოლეიშვილი,
_eრედაქტორი
_94417
700 _aნადირაძე, მ.
_eრედაქტორი
_94413
942 _2udc
_cBK